The Canadian Securities Manual. (Record no. 5604)

MARC details
000 -CABECERA
campo de control de longitud fija 00739nam a2200265 a 4500
001 - NÚMERO DE CONTROL
campo de control BRCA_5915
005 - FECHA Y HORA DE LA ÚLTIMA TRANSACCIÓN
campo de control 20190320205249.0
008 - DATOS DE LONGITUD FIJA--INFORMACIÓN GENERAL
campo de control de longitud fija 180311s1928----nyu#######---i000-0#eng-#
041 ## - CÓDIGO DE LENGUA
Código de lengua del texto/banda sonora o título independiente eng
044 ## - CÓDIGO DEL PAÍS DE LA ENTIDAD EDITORA/PRODUCTORA
Código MARC del país nyu
050 #4 - SIGNATURA TOPOGRÁFICA DE LA BIBLIOTECA DEL CONGRESO
Número de clasificación HG185.C2
Número de documento/Ítem B36
-- 1928
245 10 - MENCIÓN DE TÍTULO
Título The Canadian Securities Manual.
Mención de responsabilidad, etc. Bank of Montreal
250 ## - MENCIÓN DE EDICIÓN
Mención de edición 19th. ed.
260 ## - PUBLICACIÓN, DISTRIBUCIÓN, ETC.
Lugar de publicación, distribución, etc. New York
Nombre del editor, distribuidor, etc. The Montreal Company of New York, Inc.
Fecha de publicación, distribución, etc. 1928
300 ## - DESCRIPCIÓN FÍSICA
Extensión 123 p.
Dimensiones 17 cm.
500 ## - NOTA GENERAL
Nota general H151
650 14 - PUNTO DE ACCESO ADICIONAL DE MATERIA--TÉRMINO DE MATERIA
Término de materia o nombre geográfico como elemento de entrada Finanzas
Subdivisión geográfica Canada
9 (RLIN) 14949
650 14 - PUNTO DE ACCESO ADICIONAL DE MATERIA--TÉRMINO DE MATERIA
Término de materia o nombre geográfico como elemento de entrada Instituciones financieras
Subdivisión geográfica Canada
9 (RLIN) 14950
650 14 - PUNTO DE ACCESO ADICIONAL DE MATERIA--TÉRMINO DE MATERIA
Término de materia o nombre geográfico como elemento de entrada Bancos y banca
9 (RLIN) 14951
650 14 - PUNTO DE ACCESO ADICIONAL DE MATERIA--TÉRMINO DE MATERIA
Término de materia o nombre geográfico como elemento de entrada Valores
9 (RLIN) 14952
651 #4 - PUNTO DE ACCESO ADICIONAL DE MATERIA--NOMBRE GEOGRÁFICO
Nombre geográfico Montreal, Canada.
9 (RLIN) 14953
710 2# - PUNTO DE ACCESO ADICIONAL--NOMBRE DE ENTIDAD CORPORATIVA
Nombre de entidad corporativa o nombre de jurisdicción como elemento de entrada Bank of Montreal.
9 (RLIN) 14954
902 ## - CATALOGADOR
Iniciales GFM
942 ## - ELEMENTOS DE PUNTO DE ACCESO ADICIONAL (KOHA)
Fuente del sistema de clasificación o colocación Library of Congress Classification
Tipo de ítem Koha Libros
Holdings
Estado de retiro Estado de pérdida Estado dañado No para préstamo Localización permanente Ubicación/localización actual Fecha de adquisición Número de inventario Total de préstamos Signatura topográfica completa Código de barras Fecha visto por última vez Precio válido a partir de Tipo de ítem Koha
El ejemplar forma parte de la colección y puede ser consultado según las políticas vigentes.       Biblioteca del Museo Franz Mayer (Rogerio Casas-Alatriste) Biblioteca del Museo Franz Mayer (Rogerio Casas-Alatriste) 18/03/2011 H151   HG185.C2 B36 1928 (H151) 6354 22/03/2019 22/03/2019 Libros